Missing Word: Movies of 1968 Quiz Stats

Quiz Updated Nov 25, 2017

Challenge
Share
Tweet
Embed
Score 0/24 Timer 04:00
0 Plays Today
Title Missing Word % Correct
_____ of the ApesPlanet
95.8%
Rosemary's _____Baby
95.2%
Night of the _____ DeadLiving
95.1%
Yellow _____Submarine
92.8%
The Odd _____Couple
92.4%
The Thomas Crown _____Affair
92.2%
_____, Mine and OursYours
91.6%
2001: A Space _____Odyssey
85.5%
_____ GirlFunny
78.9%
Once Upon a Time in the _____West
76.4%
The Lion in _____Winter
75.3%
Live a Little, _____ a LittleLove
74.7%
Title Missing Word % Correct
The _____ is a Lonely HunterHeart
69.6%
Where Eagles _____Dare
68.9%
The Shakiest _____ in the WestGun
68.2%
Ice Station _____Zebra
61.6%
The Boston _____Strangler
55.6%
Finian's _____Rainbow
54.3%
The Love _____Bug
51.5%
Coogan's _____Bluff
50%
The Green _____Berets
46.1%
With _____ You Get EggrollSix
41.7%
The Killing of Sister _____George
15.8%
The Devil's ______Brigade
12.3%

Today's Daily Dose

You're not logged in!

Compare scores with friends on all Sporcle quizzes.
Join for Free
OR
Log In

You Might Also Like...

Show Comments

Extras

Top Quizzes Today


Score Distribution

Your Account Isn't Verified!

In order to create a playlist on Sporcle, you need to verify the email address you used during registration. Go to your Sporcle Settings to finish the process.

Report this User

Report this user for behavior that violates our Community Guidelines.

Details: